书目信息 |
| 题名: |
现代艺术体操与形体美的科学训练研究
|
|
| 作者: | 王雷 著 | |
| 分册: | ||
| 出版信息: | 北京 中国水利水电出版社 2019 |
|
| 页数: | 252页 | |
| 开本: | 24cm | |
| 丛书名: | ||
| 单 册: | ||
| 中图分类: | G834.02 | |
| 科图分类: | ||
| 主题词: | 艺术体操--运动训练--研究 , 健美运动--运动训练--研究 | |
| 电子资源: | ||
| ISBN: | 978-7-5170-7642-1 | |
| 000 | 01012nam0 2200241 450 | |
| 001 | 012001003422 | |
| 005 | 20131013101631.0 | |
| 010 | @a978-7-5170-7642-1@dCNY79.00 | |
| 100 | @a20190731d2019 em y0chiy50 ea | |
| 101 | 0 | @achi |
| 102 | @aCN@b110000 | |
| 105 | @aa z 000yy | |
| 106 | @ar | |
| 200 | 1 | @a现代艺术体操与形体美的科学训练研究@Axian dai yi shu ti cao yu xing ti mei di ke xue xun lian yan jiu@f王雷著 |
| 210 | @a北京@c中国水利水电出版社@d2019 | |
| 215 | @a252页@c图@d24cm | |
| 330 | @a本书在艺术体操训练方面首先简要阐述了艺术体操的基本理论知识,其次分析艺术体操的训练理念与方法,最后探讨艺术体操的基本素质与能力训练方法、徒手动作训练方法及器械动作训练方法。在形体美训练方面首先对形体美与形体训练的基础理论进行分析,然后对形体美训练方法、健身美体的修塑与矫正训练进行较为全面的研究。 | |
| 606 | 0 | @a艺术体操@x运动训练@x研究 |
| 606 | 0 | @a健美运动@x运动训练@x研究 |
| 690 | @aG834.02@v5 | |
| 701 | 0 | @a王雷@Awang lei@4著 |
| 801 | @b江苏凤凰@c20191020 | |
| 905 | @b1232878-83@dG834.02@e172@f6 | |
| 现代艺术体操与形体美的科学训练研究/王雷著.-北京:中国水利水电出版社,2019 |
| 252页:图;24cm |
| ISBN 978-7-5170-7642-1:CNY79.00 |
| 本书在艺术体操训练方面首先简要阐述了艺术体操的基本理论知识,其次分析艺术体操的训练理念与方法,最后探讨艺术体操的基本素质与能力训练方法、徒手动作训练方法及器械动作训练方法。在形体美训练方面首先对形体美与形体训练的基础理论进行分析,然后对形体美训练方法、健身美体的修塑与矫正训练进行较为全面的研究。 |
| ● |
| 相关链接 |
|
|
|
|
正题名:现代艺术体操与形体美的科学训练研究
索取号:G834.02/172
 
预约/预借
| 序号 | 登录号 | 条形码 | 馆藏地/架位号 | 状态 | 备注 |
| 1 | 1232878 | 212328783 | 第一样本阅览室/ [索取号:G834.02/172] | 在馆 | |
| 2 | 1232879 | 212328792 | 教育系资料室/ [索取号:G834.02/172] | 在馆 | |
| 3 | 1232880 | 212328809 | 教育系资料室/ [索取号:G834.02/172] | 在馆 | |
| 4 | 1232881 | 212328818 | 教育系资料室/ [索取号:G834.02/172] | 在馆 | |
| 5 | 1232882 | 212328827 | 第四借阅区/ [索取号:G834.02/172] | 在馆 | |
| 6 | 1232883 | 212328836 | 第四借阅区/ [索取号:G834.02/172] | 在馆 |